000 00492nam a2200193Ia 4500
003 OSt
005 20240522163151.0
008 210210b1960 xxu||||| |||| 00| 0 eng d
040 _cAL
041 _akan
082 _a306.8K HANK
100 _aHANUMANTHARAV (G)
_9166907
245 _aKutumba jivana:
_bಕುಟುಂಬ ಜೀವನ
260 _aMysore
_bMysore University
_c1960
300 _avii,240
690 _aMarriage & Family
_9166908
906 _aSG00213
942 _2ddc
_cSG
999 _c111252
_d111252